Borussia Dortmund Kader 2024/25 - Statistiken

Allgemein
  • Dieses Quiz wurde 598 mal gespielt
  • Das Durchschnittsergebnis liegt bei 20 aus 29
Antwortstatistiken
Nationalität Spieler % Korrekt
Schweiz Gregor Kobel
98%
Guinea Serhou Guirassy
95%
Deutschland Nico Schlotterbeck
92%
England Jamie Gittens
90%
Österreich Marcel Sabitzer
89%
Deutschland Julian Brandt
88%
Deutschland Emre Can
87%
Norwegen Julian Ryerson
87%
Deutschland Niklas Süle
85%
Algerien Ramy Bensebaini
85%
Deutschland Karim Adeyemi
84%
USA Giovanni Reyna
82%
Schweden Daniel Svensson
78%
Deutschland Waldemar Anton
75%
Brasilien Yan Couto
75%
Türkei Salih Özcan
74%
Deutschland Maximilian Beier
73%
Deutschland Alexander Meyer
71%
Niederlande Donyell Malen
69%
Deutschland Felix Nmecha
67%
Belgien Julien Duranville
66%
Deutschland Pascal Groß
64%
Deutschland Almugera Kabar
45%
England/Nigeria Carney Chukwuemeka
45%
USA Cole Campbell
42%
Deutschland Kjell Wätjen
35%
Deutschland Yannik Lührs
19%
Marokko/Deutschland Ayman Azhil
11%
Niederlande/Kap Verde Jordi Paulina
6%
Keine übereinstimmenden Quizze gefunden
Verteilung der Resultate
Anzahl Personen mit jedem Resultat
Perzentil nach korrekt beantworteten Fragen
Ihre Resultats-Entwicklung
Sie haben dieses Quiz noch nicht gespielt